Caractérisation des figures de Satan et de Judas dans le IVe évangile: stratégie narrative et déploiement des intrigues de conflit (Record no. 311182)

000 -CABECERA
Campo de control de longitud fija 00440nab a22001097u 4500
008 - CÓDIGOS DE INFORMACIÓN DE LONGITUD FIJA
Campo de control de longitud fija 130520b2003 xxu||||| |||| 00| 0 fre d
041 ## - CÓDIGO DE LENGUA
Código de lengua del texto/banda sonora o título independiente fre
100 1# - PUNTO DE ACCESO PRINCIPAL-NOMBRE DE PERSONA
Nombre de persona Gagné, André
9 (RLIN) 45394
245 00 - MENCIÓN DE TÍTULO
Título Caractérisation des figures de Satan et de Judas dans le IVe évangile: stratégie narrative et déploiement des intrigues de conflit
Mención de responsabilidad, etc. André Gagné
773 0# - ENLACE AL DOCUMENTO FUENTE
Título Science et Esprit
Parte(s) relacionada(s) V.55, nº3,2003,págs. 263-284
Número Internacional Normalizado para Publicaciones Seriadas (ISSN) 0316-5345
Número de control del registro relacionado Rev416
942 ## - ENTRADA DE ELEMENTOS AGREGADOS (KOHA)
Koha [por defecto] tipo de item Artículos de revista
Holdings
Suprimido Perdido Estropeado No para préstamo Localización permanente Localización actual Localización en estantería Fecha adquisición Préstamos totales Fecha última consulta Fecha del precio de reemplazo Tipo de item de Koha
        San Esteban San Esteban Depósito de revistas 21/05/2013   21/05/2013 21/05/2013 Artículos de revista

Bibliotecas Dominicos Provincia Hispania, 2016

Con tecnología Koha